| 000 | 00569nam a22001577a 4500 | ||
|---|---|---|---|
| 005 | 20120524124515.0 | ||
| 020 | _a8170188245 | ||
| 035 | _aA-759317 | ||
| 037 |
_aDPL _bENG |
||
| 100 |
_aIyer, V.R. Krishna _91332 |
||
| 245 |
_aHuman rights - a Judge's miscellany / _cby V.R. Krishna Iyer |
||
| 260 |
_aDelhi _bB.R. Publishing Corporation _c1995 |
||
| 300 |
_a260p. _c18 cms. |
||
| 942 |
_2ddc _cEN _h340.112 _mIYE |
||
| 999 |
_c67119 _d67119 |
||